Statistics for C25 virksomheder

Click here to take the quiz!

General Stats

  • This quiz has been taken 13 times
  • The average score is 9 of 25

Answer Stats

BrancheAnswer% Correct
InsulinproducentNovo Nordisk B
100%
BankDanske Bank
92%
VindmøllerVestas Wind Systems
92%
BryggeriCarlsberg B
83%
SmykkeproducentPandora
83%
EnergiØrsted
50%
IsoleringRockwool International B
50%
RengøringISS
42%
LogistikDSV Panalpina
33%
BankJyske Bank
33%
BryggeriRoyal UNIBREW
33%
ForsikringTryg
33%
MedicinalAmbu
25%
FødevareingredienserChr. Hansen Holding
17%
MedicokoncernColoplast B
17%
CementindustrienFLSmidth & Co.
17%
EnzymerNovozymes B
17%
SoftwaresystemerSimCorp
17%
LogistikA.P. Møller - Mærsk A
8%
LogistikA.P. Møller - Mærsk B
8%
HøreapparaterDemant
8%
BioteknologiGenmab
8%
HøreapparaterGN Store Nord
8%
MedicinalH. Lundbeck
8%
ForsikringTopdanmark
0%

Score Distribution

Percentile by Number Answered

Percent of People with Each Score

Your Score History

You have not taken this quiz